000 00722nam a22002177a 4500
999 _c6109
_d6109
003 AR-CdUCM
008 190313b ||||| |||| 00| 0 spa d
040 _aMUNICIPALIDAD PROVINCIAL DEL CUSCO
_cBIBLIOTECA MUNICIPAL DEL CUSCO
082 _a985.001 /
_bM26E
100 _aMariátegui, José Carlos
_92478
245 _aLa escena contemporánea /
260 _aLima :
_bMinerva,
_c1925.
300 _a286 páginas ;
_c17.5 cm.
500 _aDonación familia Nieto.
505 _aContenido: Biología del fascismo -- La crisis de la democracia ...
650 _aDemocracia-Historia
_917741
650 _aDemocracia -Historia
_917742
650 _aSocialismo y democracia.
_917743
942 _2ddc
_cLIBROS
945 _aafb